Score des finales de Ligue des Champions - Statistiques

Statistiques générales
  • Ce quiz a été pris 149 fois
  • Le résultat moyen est 66 sur 70
Statistiques - réponses
Hint Réponse % Correct
1965 : Inter Milan - Benfica 1-0
97%
1973 : Ajax - Juventus 1-0
97%
1976 : Bayern Munich - Saint-Étienne 1-0
97%
1978 : Liverpool - Club Brugge 1-0
97%
1979 : Nottingham Forest - Malmö FF 1-0
97%
1980 : Nottingham Forest - Hamburg SV 1-0
97%
1981 : Liverpool - Real Madrid 1-0
97%
1982 : Aston Villa - Bayern Munich 1-0
97%
1983 : Hamburg - Juventus 1-0
97%
1985 : Juventus - Liverpool 1-0
97%
1990 : AC Milan - Benfica 1-0
97%
1992 : Barcelona - Sampdoria 1-0
97%
1993 : Olympique de Marseille - Milan 1-0
97%
1995 : Ajax - AC Milan 1-0
97%
1998 :Real Madrid - Juventus 1-0
97%
2020 : Bayern Munich - PSG 1-0
97%
2021 : Chelsea - Manchester City 1-0
97%
2022 : Real Madrid - Liverpool 1-0
97%
2023 : Manchester City - Inter Milan 1-0
97%
1957 : Real Madrid - Fiorentina 2-0
97%
1959 : Real Madrid - Reims 2-0
97%
1971 : Ajax - Panathinaikos 2-0
97%
1972 : Ajax - Inter Milan 2-0
97%
1975 : Bayern Munich - Leeds United 2-0
97%
2009 : Barcelona - Manchester United 2-0
97%
2010 : Inter Milan - Bayern Munich 2-0
97%
2019 : Liverpool - Tottenham Hotspur 2-0
97%
2024 : Real Madrid - Dortmund 2-0
97%
1963 : Milan - Benfica 2-1
97%
1966 : Real Madrid - Partizan 2-1
97%
1967 : Celtic - Milan 2-1
97%
1970 : Feyenoord - Celtic 2-1
97%
1987 : Porto - Bayern Munich 2-1
97%
1999 : Manchester United - Bayern Munich 2-1
97%
2002 : Real Madrid - Bayer Leverkusen 2-1
97%
2006 : Barcelona - Arsenal 2-1
97%
2007 : AC Milan - Liverpool 2-1
97%
2013 : Bayern Munich - Borussia Dortmund 2-1
97%
2000 : Real Madrid - Valencia 3-0
97%
2004 : Porto - Monaco 3-0
97%
2025 : PSG - Inter Milan 5-0
97%
1964 : Inter Milan - Real Madrid 3-1
96%
1977 : Liverpool - Borussia Mönchengladbach 3-1
96%
1997 : Borussia Dortmund - Juventus 3-1
96%
2011 : Barcelona - Manchester United 3-1
96%
2015 : Barcelone - Juventus 3-1
96%
2018 : Real Madrid - Liverpool 3-1
96%
1968 : Manchester United - Benfica 4-1
95%
1969 : Milan - Ajax 4-1
95%
2014 : Real Madrid - Atletico Madrid 4-1
95%
2017 : Real Madrid - Juventus 4-1
95%
2005 : Liverpool - AC Milan 3-3
94%
1984 : Liverpool - Roma 1-1
93%
1996 : Juventus - Ajax 1-1
93%
2001 : Bayern Munich - Valencia 1-1
93%
2008 : Manchester United - Chelsea 1-1
93%
2012 : Chelsea - Bayern Munich 1-1
93%
2016 : Real Madrid - Atletico de Madrid 1-1
93%
1956 : Real Madrid - Reims 4-3
93%
1974 : Bayern Munich - Atletico Madrid 4-0
92%
1989 : AC Milan - Steaua Bucharest 4-0
92%
1994 : AC Milan - Barcelona 4-0
92%
1958 : Real Madrid - Milan 3-2
89%
1961 : Benfica - Barcelone 3-2
89%
1986 : : Steaua Bucharest - Barcelona 0-0
88%
1988 : PSV Eindhoven - Benfica 0-0
88%
1991 : Red Star Belgrade - Marseille 0-0
88%
2003 : AC Milan - Juventus 0-0
88%
1962 : Benfica - Real Madrid 5-3
80%
1960 : Real Madrid - Eintracht Frankfurt 7-3
59%
Aucun quiz correspondant
Distribution des résultats
% des personnes avec chaque résultat
Percentile par nombre de réponses
Votre historique - résultats
Vous n’avez pas pris ce quiz